Top 20 largest cities in Estonia - Statistics

General Stats
  • This quiz has been taken 36 times
  • The average score is 13 of 20
Answer Stats
Size City % Correct
1. Tallinn
100%
3. Narva
94%
2. Tartu
94%
4. Pärnu
90%
11. Valga
77%
6. Viljandi
77%
9. Kuressaare
74%
12. Võru
74%
5. Kohtla-Järve
71%
14. Haapsalu
68%
13. Jõhvi
65%
7. Rakvere
61%
16. Paide
58%
8. Maardu
52%
10. Sillamäe
52%
15. Keila
48%
20. Tapa
39%
19. Põlva
35%
17. Elva
26%
18. Saue
23%
No matching quizzes found
Score Distribution
Percent of People with Each Score
Percentile by Number Answered
Your Score History
You have not taken this quiz